000 00677nam a2200193Ia 4500
008 090201s9999 xx 000 0 und d
010 _aKPL-74560
020 _a81-7766-951-0
040 _bमराठी
041 _aमराठी
082 _a55092
_b74560
100 _aआशा आपराद
245 _aभोगले जे दु:ख त्याला . . . (रामबाग)
_cआशा आपराद
250 _a1
260 _c2008
_bमेहता पब्लिशिंग हाऊस
300 _a275
_bमध्यम
600 _aभोगले जे दु:ख त्याला . . . (रामबाग)
942 _cBOOK
999 _c251380
_d251380